| 000 | 00683nam a22002177a 4500 | ||
|---|---|---|---|
| 999 |
_c1313 _d1313 |
||
| 003 | AR-CdUCM | ||
| 008 | 190226b ||||| |||| 00| 0 spa d | ||
| 020 | _a8425209749 | ||
| 040 |
_aMUNICIPALIDAD PROVINCIAL DEL CUSCO _cBIBLIOTECA MUNICIPAL DEL CUSCO |
||
| 082 |
_a363.3 / _bD32 |
||
| 100 |
_aIan, Davis _95051 |
||
| 245 |
_aArquitectura de emergencia / _cIan, Davis |
||
| 260 |
_aBarcelona, España: _bGustavo Gili S.A , _c1980. |
||
| 300 |
_a183 paginas : _c20 cm. |
||
| 650 |
_aTecnología y arquitectura. _95052 |
||
| 650 |
_aAnalisis Arquitectonico. _95053 |
||
| 650 |
_aUrbanizacion. _95054 |
||
| 700 |
_aIan, Davis _95051 |
||
| 942 |
_2ddc _cLIBROS |
||
| 945 |
_artm _d2019-02-26 |
||